000 00376nam a2200145Ia 4500
008 231129s1975||||xx |||||||||||||| ||spa||
020 _a84-252-0275-2
040 _bspa
082 _a621.7501 H521t
100 _aHenry Ford Trade School.
245 0 _aTeoria del taller
260 _c1975
264 _aGustavo Gili
942 _2ddc
_cBKS
999 _c25225
_d25225